Atomic and Molecular Spectroscopy/ (Record no. 180064)

MARC details
000 -LEADER
fixed length control field 00518nam a22001817a 4500
005 - DATE AND TIME OF LATEST TRANSACTION
control field 20210722164947.0
010 ## - LCCN (DPL NO)
LC control number ENG-129626
020 ## - INTERNATIONAL STANDARD BOOK NUMBER
International Standard Book Number 978-93-88279-09-3
Terms of availability 150.00
035 ## - SYSTEM CONTROL NUMBER
System control number EN-113158
037 ## - SOURCE OF ACQUISITION
Source of stock number/acquisition DBAD/PUB
082 ## - DEWEY DECIMAL CLASSIFICATION NUMBER
Classification number 539.60284
100 ## - MAIN ENTRY--PERSONAL NAME
Personal name Karmur, Sheetal B.
245 ## - TITLE STATEMENT
Title Atomic and Molecular Spectroscopy/
Statement of responsibility, etc By Sheetal B. Karmur
260 ## - PUBLICATION, DISTRIBUTION, ETC. (IMPRINT)
Place of publication, distribution, etc Gujarat
Name of publisher, distributor, etc Ayudh Publication
Date of publication, distribution, etc 2018
270 ## - ADDRESS
Address Bhavnagar, Gujarat
300 ## - PHYSICAL DESCRIPTION
Extent 110p.
Dimensions 20cm(hbk)
942 ## - ADDED ENTRY ELEMENTS (KOHA)
Source of classification or shelving scheme Dewey Decimal Classification
Item type English Books
Classification part 539.60284
Call number suffix KAR
Holdings
Withdrawn status Lost status Not for loan Collection code Home library Current library Date acquired Source of acquisition Cost, normal purchase price Full call number Barcode Copy number Cost, replacement price Koha item type
      Non-fiction Central Library Central Library 22/07/2021 DBAD/PUB 150.00 539.60284 KAR EN-113158 1 150.00 English Books

© Delhi Public Library
Hit Counter
free hit counter